الزواج و احكامه فى مذهب اهل السنة

Bibliographic Details
Main Author: فرج، السيد احمد (Author)
Format: Book
Published: Mansurah Dar al-Wafa' 1989
Subjects:

MARC

LEADER 00000cam a2200000 7i4500
001 0000000216
008 021118s1989
090 0 0 |a K675  |b .F3 1989 
100 0 |a فرج، السيد احمد  |e author 
245 1 2 |a الزواج و احكامه فى مذهب اهل السنة  |c السيد احمد فرج 
260 2 |a Mansurah  |b Dar al-Wafa'  |c 1989 
300 |a 255 p.  |c 24 cm 
650 0 |a Marriage (Islamic law) 
999 |a 1000050201  |b Book  |c OPEN SHELF (30 DAYS)  |e Gong Badak Campus